Catálogo público

State of the World: a Worldwatch Institute Report on Progress Toward a Sustainable Society / (Record no. 173851)

MARC details
000 -CABECERA
campo de control de longitud fija 00753nam a2200241Ia 4500
001 - NÚMERO DE CONTROL
campo de control dia_3386
003 - IDENTIFICADOR DEL NÚMERO DE CONTROL
campo de control CHAP
005 - FECHA Y HORA DE LA ÚLTIMA TRANSACCIÓN
campo de control 20251023163907.0
008 - DATOS DE LONGITUD FIJA--INFORMACIÓN GENERAL
campo de control de longitud fija 220117s1989 xx 000 0 und d
010 ## - NÚMERO DE CONTROL DE LA BIBLIOTECA DEL CONGRESO
Número de control de LC 173851
040 ## - FUENTE DE LA CATALOGACIÓN
Centro/agencia transcriptor CHAP
082 ## - NÚMERO DE LA CLASIFICACIÓN DECIMAL DEWEY
Número de clasificación 628.53 B7
100 ## - ENTRADA PRINCIPAL--NOMBRE DE PERSONA
Nombre de persona Brown, Lester R.
9 (RLIN) 15674
245 ## - MENCIÓN DE TÍTULO
Título State of the World: a Worldwatch Institute Report on Progress Toward a Sustainable Society /
Mención de responsabilidad, etc. by Lester R. Brown (and Others)
260 ## - PUBLICACIÓN, DISTRIBUCIÓN, ETC.
Lugar de publicación, distribución, etc. New york
Fecha de publicación, distribución, etc. 1989
500 ## - NOTA GENERAL
Nota general La biblioteca tiene : 1989
650 ## - PUNTO DE ACCESO ADICIONAL DE MATERIA--TÉRMINO DE MATERIA
Término de materia o nombre geográfico como elemento de entrada Medioambiente
Subdivisión general contaminación
9 (RLIN) 154598
650 ## - PUNTO DE ACCESO ADICIONAL DE MATERIA--TÉRMINO DE MATERIA
Término de materia o nombre geográfico como elemento de entrada Suelos
Subdivisión general contaminación
9 (RLIN) 110327
901 ## - ELEMENTOS DE DATOS A LOCAL LDA (RLIN)
a 628.53 B7
902 ## - ELEMENTOS DE DATOS B LOCAL, LDB (RLIN)
a M
905 ## - ELEMENTOS DE DATOS E LOCAL, LDE (RLIN)
a 0000001989 19- -USx 0000000000 00
942 ## - ELEMENTOS DE PUNTO DE ACCESO ADICIONAL (KOHA)
Tipo de ítem Koha Libro
Fuente del sistema de clasificación o colocación Dewey Decimal Classification
Holdings
Estado de retiro Estado de pérdida Fuente del sistema de clasificación o colocación Estado dañado No para préstamo Código de colección Localización permanente Ubicación/localización actual Ubicación en estantería Fecha de adquisición Información codificada de la localización en otra ubicación Total de préstamos Código de barras Fecha visto por última vez Número de copia Precio válido a partir de Tipo de ítem Koha
    Dewey Decimal Classification     General Ingenieria Agroindustrial Ingenieria Agroindustrial   18/01/2022 1   dia_3423 18/01/2022 1 18/01/2022 Libro